| 000 | 01010nam0a22002771 4500 | ||
|---|---|---|---|
| 001 | rc\990726 | ||
| 005 | 20250622070713.0 | ||
| 035 | _a(NLR Aleph) 006157970 | ||
| 090 |
_a5832332 _c5832332 |
||
| 100 | _a20041129d1981 |||y0rusy50 ca | ||
| 101 | 0 | _arus | |
| 102 | _aRU | ||
| 105 | _aa ||||||||| | ||
| 200 | 1 |
_aЯдерная гидродинамика и коллективные колебания плотности _fР.В. Джолос, В.Г. Картавенко, В.П. Пермяков |
|
| 210 |
_aДубна _cОИЯИ _d1981 |
||
| 215 |
_a[1], 8 с. _cграф. _d22 |
||
| 225 | 1 |
_aОбъединенный институт ядерных исследований _vР4-81-90 |
|
| 320 | _aБиблиогр.: с. 8 | ||
| 700 | 1 |
_aДжолос _bР.В. _gРостислав Владимирович |
|
| 701 | 1 |
_aКартавенко _bВ.Г. |
|
| 701 | 1 |
_aПермяков _bВ.П. |
|
| 801 | 0 |
_aRU _bNLR _gpsbo |
|
| 801 | 1 |
_aRU _bELAR _2rusmarc |
|
| 852 |
_aNLR _j81-6/6206 |
||
| 942 | _cBOOK | ||
| 980 | _aNB | ||